000
00287nam a2200097Ia 4500
001
1224832
005
20250827092933.0
008
250824s9999 xx 000 0 und d
245
0
_a
AŞK MABEDİNİN İMAMI HZ.MUHAMMED
_c
MAHMUT ULU
260
_b
KARATAY AKADEMİ YAYINLARI
999
_c
1224832
_d
1224832